000 00611nam a2200181Ia 4500
003 LDD
008 190117s9999 xx 000 0 und d
020 _c₹42
040 _cLDD
041 _ahi
082 _a8S1.09 डे 7404 सं.
100 _aडे,सुशील कुमार
245 0 _aसंस्कृत काव्यशास्त्र का इतिहास
_cसुशील कुमार डे
250 _a2रा सं.
260 _aपटना
_bबिहार हिंदी ग्रंथ अकादमी
_c1988
300 _a594पृ.
942 _2ddc
_cH
999 _c160046
_d160046